000
00316nam a2200145Ia 4500
100
_a
Tanenbaum /Andrew S.
942
_c
BK
654
_a
operating system
245
_a
Distributed operating system
260
_b
Prentice Hall
_c
2003
082
_a
5.43
_b
TAN
300
_a
614
546
_a
ENGLISH
999
_c
21522
_d
21522